000 00614nam a2200205Ia 4500
003 GCL
008 140319s9999 xx 000 0 ara d
040 _aGCL /
_cGCL
082 0 4 _a649.1
_bن ح
100 1 _aنادية حليم
245 1 0 _aحقوق الطفل /
_cنادية حليم
260 _a[S.N] :
_bدار الثقافة العربية ،
_c1992
300 _a52 ص
490 _aدار الثقافة
_v0
650 0 4 _aرعاية الطفل
650 0 4 _aالاحتياجات علم نفس
650 0 4 _aالاطفال قوانين وتشريعات
650 0 4 _aالطفل
942 _2ddc
_cBK
999 _c28030
_d28030